Normal view
MARC view
- Oscillators, Microwave
Entry Topical Term
001 - CONTROL NUMBER
- control field: 96950
003 - CONTROL NUMBER IDENTIFIER
- control field: NUST
005 - DATE AND TIME OF LATEST TRANSACTION
- control field: 20220812105200.0
008 - FIXED-LENGTH DATA ELEMENTS
- fixed length control field: 220812|| aca||aabn | a|a d
040 ## - CATALOGING SOURCE
- Original cataloging agency: NUST
- Transcribing agency: NUST
150 ## - HEADING--TOPICAL TERM
- Topical term or geographic name entry element: Oscillators, Microwave
- General subdivision: Design and construction
670 ## - SOURCE DATA FOUND
- Source citation: Work cat.: (NUST)175647: Abrie, Pieter L. D. 56737, Design of RF and microwave amplifers and oscillators / (Include Floppy Disk), c1999.
